Entry Nombre personal
001 - NÚMERO DE CONTROL
- campo de control: 242916
003 - IDENTIFICADOR DE NÚMERO DE CONTROL
- campo de control: OSt
005 - FECHA Y HORA DE LA ÚLTIMA TRANSACCIÓN
- campo de control: 20260316172218.0
008 - ELEMENTOS DE DATO DE LONGITUD-FIJA
- campo de control de longitud fija: 901120nn ainnnaabn a aaa
016 ## - NÚMERO DE CONTROL DE UNA AGENCIA BIBLIOGRÁFICA NACIONAL
- Número de control del registro: BNE19900195601
024 8# - IDENTIFICADOR DE OTROS ESTÁNDARES
- Número estándar o código: https://data.cervantesvirtual.com/person/79314
024 7# - IDENTIFICADOR DE OTROS ESTÁNDARES
- Número estándar o código: http://viaf.org/viaf/64010774/
- Fuente: viaf
024 7# - IDENTIFICADOR DE OTROS ESTÁNDARES
- Número estándar o código: https://isni.org/isni/0000000110674293
- Fuente: isni
024 7# - IDENTIFICADOR DE OTROS ESTÁNDARES
- Número estándar o código: http://www.wikidata.org/entity/Q231944
- Fuente: wikidata
035 ## - NÚMERO DE CONTROL DEL SISTEMA
- Número de control de sistema: (SpMaBN)XX1642397
040 ## - FUENTE DE CATALOGACIÓN
- Centro catalogador/agencia de origen: SpMaBN
- Lengua de catalogación: spa
- Centro/agencia transcriptor: SpMaBN
- Normas de descripción: rdc
- Convención/Normas de encabezamiento de materia/tesauro: embne
046 ## - FECHAS CON CODIFICACIÓN ESPECIAL
- Fecha de nacimiento: 1764
- Fecha de la muerte: 1823
100 1# - ENCABEZAMIENTO-NOMBRE DE PERSONA
- Nombre de persona: Radcliffe, Ann Ward,
- Fechas asociadas al nombre: 1764-1823
370 ## - LUGAR ASOCIADO
- Lugar de nacimiento: Londres
- Número de control del registro de autoridad o número normalizado: XX450868
- Fuente de información: Wikidata
372 ## - CAMPO DE ACTIVIDAD
- Campo de actividad: Novela gótica
- Campo de actividad: Ficción gótica
- Fuente de información: Wikidata
374 ## - OCUPACIÓN
- Ocupación: Novelistas
- Ocupación: Escritores
- Fuente de información: Wikidata
375 ## - GÉNERO/SEXO
- Género: Femenino
- Fuente de información: Wikidata
377 ## - IDIOMA ASOCIADO
- Término de lengua/lenguaje: Inglés
400 1# - TRAZADO DE VÉASE--NOMBRE DE PERSONA
- Nombre de persona: Radcliffe, Ann
- Fechas asociadas al nombre: 1764-1823
400 1# - TRAZADO DE VÉASE--NOMBRE DE PERSONA
- Nombre de persona: Radklif, Anna
- Fechas asociadas al nombre: 1764-1823
400 1# - TRAZADO DE VÉASE--NOMBRE DE PERSONA
- Nombre de persona: Radkliffe, Anna
- Fechas asociadas al nombre: 1764-1823
400 1# - TRAZADO DE VÉASE--NOMBRE DE PERSONA
- Nombre de persona: Ratcliffe, Anne
- Fechas asociadas al nombre: 1764-1823
400 1# - TRAZADO DE VÉASE--NOMBRE DE PERSONA
- Nombre de persona: Ratcliffe,
- Títulos y otros términos asociados al nombre: Mrs.
- Fechas asociadas al nombre: 1764-1823
400 1# - TRAZADO DE VÉASE--NOMBRE DE PERSONA
- Nombre de persona: Rattcliffe, Anne
- Fechas asociadas al nombre: 1764-1823
670 ## - FUENTE DE DATOS ENCONTRADOS
- Cita de la fuente: Dic. de escritores célebres, 1995
- Información encontrada: (Radcliffe, Ann; escritora inglesa (Londres, 1764-1823))
670 ## - FUENTE DE DATOS ENCONTRADOS
- Cita de la fuente: WWW.VIAF, 21-03-2017
- Información encontrada: (Radcliffe, Ann, 1764-1823)
670 ## - FUENTE DE DATOS ENCONTRADOS
- Cita de la fuente: WWW.CERL, 21-03-2017
- Información encontrada: cnp01469995 (Radcliffe, Ann, 1764-1823)
670 ## - FUENTE DE DATOS ENCONTRADOS
- Cita de la fuente: WWW.LOF, 21-03-2017
- Información encontrada: (Radcliffe, Ann Ward, 1764-1823)
678 ## - DATOS BIOGRÁFICOS O HISTÓRICOS
- Datos biográficos o históricos: Autora británica
